Outlines of Country Land Borders #2 - Statistics

General Stats
  • This quiz has been taken 192 times
  • The average score is 4 of 6
Answer Stats
Country % Correct
South Africa
90%
Egypt
89%
India
87%
Somalia
69%
Vietnam
55%
Equatorial Guinea
53%
No matching quizzes found
Score Distribution
Percent of People with Each Score
Percentile by Number Answered
Your Score History
You have not taken this quiz